| 000 | 00373nam a22001457a 4500 | ||
|---|---|---|---|
| 005 | 20260327102510.0 | ||
| 008 | 260327b |||||||| |||| 00| 0 eng d | ||
| 050 | _aKNS 3704.N45 2025 | ||
| 100 | _aBALASUBRAMANYAN S. | ||
| 245 | _aLAQW OF INJUCTIONS | ||
| 260 |
_aINDIA _bLAW PUBLISHERS INDIA _c2025 |
||
| 300 | _aX,1688 | ||
| 650 | _aInjuctions india | ||
| 942 |
_2lcc _cBK |
||
| 999 |
_c216876 _d216876 |
||